000 00982nam a22002657a 4500
999 _c160986
_d160986
005 20191004125151.0
010 _a1819CHEN B-718167-187 B-730483
020 _a9788129140296
_c295.00
035 _aB-718167-187
035 _aB-728556
035 _aB-730483
037 _bPansy Books
082 _a230.31
100 _aSen Gupta, Subhadra
245 _aGanesh /
_cby Subhadra Sen Gupta ; illustrated by Tapas Guha
260 _aNew Delhi
_bRed Turtle
_c2016
270 _a7/16, Ansari Road, Daryaganj
_bNew Delhi
_e110002
300 _a40p.:
_c24cm(Hb)
_bcol. ill.
500 _aAirport
700 _aGuha, Tapas
942 _2ddc
_cCH
_mSEN
_h230.31